La France dans l'Europe du XIXe siècle : 1802-1914 (notice n° 2084384)

détails MARC
000 -LEADER
fixed length control field 01812cam a2200157 4500500
005 - DATE AND TIME OF LATEST TRANSACTION
control field 20260405005521.0
041 ## - LANGUAGE CODE
Language code of text/sound track or separate title fre
042 ## - AUTHENTICATION CODE
Authentication code dc
100 10 - MAIN ENTRY--PERSONAL NAME
Personal name Delpech, David
Relator term author
245 00 - TITLE STATEMENT
Title La France dans l'Europe du XIXe siècle : 1802-1914
260 ## - PUBLICATION, DISTRIBUTION, ETC.
Name of publisher, distributor, etc. Armand Colin,<br/>
Date of publication, distribution, etc. 2017.<br/>
520 ## - SUMMARY, ETC.
Summary, etc. Cette synthèse, bien que centrée sur la France du XIXe siècle, s’inscrit dans une dimension résolument européenne. Le rôle de la France, dans tous les domaines (politique, économie, société, culture) y est étudié d’un point de vue comparatif et transnational. Les auteurs, en outre, ont opté pour un long XIXe siècle : l’ouvrage, découpé en quatre grandes parties chronologiques, débute par un bilan de la Révolution française et s’achève en 1914, lorsque l’Europe bascule dans la Première Guerre mondiale.Destiné à faire le lien entre l’enseignement du Secondaire et les attentes du Supérieur, ce manuel associe une partie cours à de nombreux outils méthodologiques et s’organise autour de trois temps forts :• COURS : les notions sont exposées avec un accompagnement pédagogique pour faciliter la compréhension et la mémorisation (définitions, dates-repères, biographies, cartes, points à retenir, dates clés et bibliographies thématiques, mises au point historiographiques).• MÉTHODES : les méthodes de la dissertation et du commentaire de document (études de textes, statistiques, iconographie) sont présentées avec des exemples de sujets corrigés.• ATLAS : en fin d’ouvrage, un atlas tout en couleur propose les cartes essentielles.
700 10 - ADDED ENTRY--PERSONAL NAME
Personal name Rollet, Stella
Relator term author
700 10 - ADDED ENTRY--PERSONAL NAME
Personal name Yon, Jean-Claude
Relator term author
856 41 - ELECTRONIC LOCATION AND ACCESS
Uniform Resource Identifier <a href="https://shs.cairn.info/la-france-dans-l-europe-du-xixe-siecle--9782200616359?lang=fr&redirect-ssocas=7080">https://shs.cairn.info/la-france-dans-l-europe-du-xixe-siecle--9782200616359?lang=fr&redirect-ssocas=7080</a>

Pas d'exemplaire disponible.

PLUDOC

PLUDOC est la plateforme unique et centralisée de gestion des bibliothèques physiques et numériques de Guinée administré par le CEDUST. Elle est la plus grande base de données de ressources documentaires pour les Étudiants, Enseignants chercheurs et Chercheurs de Guinée.

Adresse

627 919 101/664 919 101

25 boulevard du commerce
Kaloum, Conakry, Guinée

Réseaux sociaux

Powered by Netsen Group @ 2025